<?xml version="1.0" encoding="UTF-8"?>
<collection xmlns="http://www.loc.gov/MARC21/slim">
 <record>
  <leader>00876cam a2200181 7i4500</leader>
  <controlfield tag="001">0000137586</controlfield>
  <controlfield tag="005">20080902090000.0</controlfield>
  <controlfield tag="002">  0000002656</controlfield>
  <datafield tag="090" ind1="0" ind2="0">
   <subfield code="a">LI 16 FPE 4 2005 </subfield>
  </datafield>
  <datafield tag="100" ind1="0" ind2="#">
   <subfield code="a">Jasmine Ternias@Terinus </subfield>
  </datafield>
  <datafield tag="245" ind1="1" ind2="0">
   <subfield code="a">Laporan akhir latihan industri di Resort Nexus Karambunai, Kota Kinabalu  </subfield>
   <subfield code="c">Jasmine Ternias@Terinus.</subfield>
  </datafield>
  <datafield tag="260" ind1="#" ind2="#">
   <subfield code="a">Terengganu: </subfield>
   <subfield code="b">Kolej Universiti Sains dan Teknologi Malaysia, </subfield>
   <subfield code="c">2005.</subfield>
  </datafield>
  <datafield tag="300" ind1=" " ind2=" ">
   <subfield code="a">v, 55 p.: </subfield>
   <subfield code="b">ill.; </subfield>
   <subfield code="c">30 cm..</subfield>
  </datafield>
  <datafield tag="502" ind1="#" ind2="#">
   <subfield code="a">Latihan Industri FPE (Sarjana Muda Pengurusan - Pemasaran) 2005</subfield>
  </datafield>
  <datafield tag="520" ind1="3" ind2="#">
   <subfield code="a">Resort Nexus Karambunai merupakan sebuah destinasi percutian yang eksklusif, setaraf dengan tempat-tempat percutian luar negara seperti Rio De Janeiro, Bali, Hawaii, Phuket dan Cancun</subfield>
  </datafield>
  <datafield tag="602" ind1="#" ind2="#">
   <subfield code="a">Latihan Industri FPE 2005</subfield>
  </datafield>
  <datafield tag="999" ind1=" " ind2=" ">
   <subfield code="a">1100044992</subfield>
   <subfield code="b">Book</subfield>
   <subfield code="c">Latihan Industri</subfield>
   <subfield code="e">KOLEKSI KHAS</subfield>
  </datafield>
  <datafield tag="999" ind1=" " ind2=" ">
   <subfield code="a">1100039328</subfield>
   <subfield code="b">Book</subfield>
   <subfield code="c">Latihan Industri</subfield>
   <subfield code="e">KOLEKSI KHAS</subfield>
  </datafield>
 </record>
</collection>
